The Paths of planned economy in India (Record no. 357256)

000 -LEADER
fixed length control field 00424cam a22001337a 4500
008 - FIXED-LENGTH DATA ELEMENTS--GENERAL INFORMATION
fixed length control field 180718b1961 xxu||||| |||| 00| 0 eng d
082 ## - DEWEY DECIMAL CLASSIFICATION NUMBER
Classification number T000x54 Ak46p
245 ## - TITLE STATEMENT
Title The Paths of planned economy in India
Statement of responsibility, etc. by Akhil Bharat Sarva Seva Sangh
260 ## - PUBLICATION, DISTRIBUTION, ETC.
Place of publication, distribution, etc. Kashi
Name of publisher, distributor, etc. The Sangh
Date of publication, distribution, etc. 1961
300 ## - PHYSICAL DESCRIPTION
Extent 84p.
500 ## - GENERAL NOTE
General note Bound with T000x54/Ag15; Rs.1.00
650 ## - SUBJECT ADDED ENTRY--TOPICAL TERM
Topical term or geographic name entry element Economic Planning - India
700 ## - ADDED ENTRY--PERSONAL NAME
Personal name Akhil Bharat Sarva Seva Sangh
Holdings
Withdrawn status Lost status Damaged status Not for loan Permanent Location Current Location Date acquired Full call number Barcode Date last seen Price effective from Koha item type
        Indian Institute of Public Administration Indian Institute of Public Administration 1994-01-12 T000x54 Ak46p 34337 2018-07-21 2018-07-21 Book
        Indian Institute of Public Administration Indian Institute of Public Administration 1994-01-12 T000x54 Ak46p 30348 2018-07-21 2018-07-21 Book

Powered by Koha